000 00856cam a2200289Ia 4500
001 sjds45105584
003 sjds
005 20221223212223.0
008 001002s1996 sp 000 1 spa d
020 _a8434846861 :
_c$5.55
020 _a9788434846869
040 _aPOR
_cPOR
_dOCL
_dJQB
041 1 _aspa
_heng
050 0 0 _a[Fic]
100 1 _aHamilton, Virginia.
245 1 0 _aPlain City /
_cVirginia Hamilton ; [traduccion del ingles, Amalia bermejo y Ma. Teresa Marcos].
260 _aMadrid :
_bEdiciones SM,
_cc1996.
300 _a167 p. ;
_c19 cm.
490 1 _aEl barco de vapor ;
_v86.
500 _aTranslation of: Plain City.
650 0 _aFathers and daughters
_vFiction.
650 0 _aAfrican Americans
_vFiction.
650 0 _aIdentity
_vFiction.
650 0 _aSpanish fiction.
830 0 _aBarco de vapor;
_v86.
942 _cBK
999 _c27612
_d27612